00500nam a2200169 450000500170000001000150001702000260003203500140005803700090007208200060008124500670008725000100015426000520016427000730021630000190028970000220030820241021115301.0 aENG-142190 c105.00a9789325963023 aEN-125722 bDBAD aS aThe Great Lottery Scandal and Other StoriescNilabho Chowdhury aFirst aUttar PradeshbMadhubun Educational Booksc2013 aE-28, Sector-8 bNoidae201301k0120-4078900minfo@madhubunbooks.com a88p.c23cm(pb) aNilabho Chowdhury